Statistics for U.S. UNESCO World Heritage Sites Map Quiz

Click here to take the quiz!

General Stats

  • This quiz has been taken 70 times
    (27 since last reset)
  • The average score is 17 of 38

Answers on the Map

Answers color-coded by a green-red scale on the quiz's map according to % correct below.
 

Answer Stats

State(s)UNESCO Site% Correct
FloridaEverglades National Park
92%
ArizonaGrand Canyon National Park
88%
CaliforniaYosemite National Park
88%
Idaho | Montana | WyomingYellowstone National Park
84%
New YorkStatue of Liberty
80%
Montana (and Alberta, Canada)Waterton Glacier International Peace Park
72%
New MexicoCarlsbad Caverns National Park
60%
CaliforniaRedwood National and State Parks
60%
WashingtonOlympic National Park
56%
North Carolina | TennesseeGreat Smoky Mountains National Park
52%
PennsylvaniaIndependence Hall
44%
ColoradoMesa Verde National Park
44%
VirginiaMonticello and the University of Virginia in Charlottesville
44%
VirginiaMonticello and the University of Virginia in Charlottesville
44%
IllinoisCahokia Mounds State Historic Site
40%
HawaiiHawaii Volcanoes National Park
40%
Alaska (and BC, Canada)Kluane / Wrangell-St. Elias / Glacier Bay / Tatshenshini-Alsek
40%
Alaska (and BC, Canada)Kluane / Wrangell-St. Elias / Glacier Bay / Tatshenshini-Alsek
40%
KentuckyMammoth Cave National Park
40%
TexasSan Antonio Missions
36%
TexasSan Antonio Missions
36%
TexasSan Antonio Missions
36%
TexasSan Antonio Missions
36%
TexasSan Antonio Missions
36%
TexasSan Antonio Missions
36%
New MexicoTaos Pueblo
36%
Arizona | California | Illinois | New York | Pennsylvania | WisconsinThe 20th-Century Architecture of Frank Lloyd Wright
36%
Arizona | California | Illinois | New York | Pennsylvania | WisconsinThe 20th-Century Architecture of Frank Lloyd Wright
36%
Arizona | California | Illinois | New York | Pennsylvania | WisconsinThe 20th-Century Architecture of Frank Lloyd Wright
36%
Arizona | California | Illinois | New York | Pennsylvania | WisconsinThe 20th-Century Architecture of Frank Lloyd Wright
36%
Arizona | California | Illinois | New York | Pennsylvania | WisconsinThe 20th-Century Architecture of Frank Lloyd Wright
36%
Arizona | California | Illinois | New York | Pennsylvania | WisconsinThe 20th-Century Architecture of Frank Lloyd Wright
36%
Arizona | California | Illinois | New York | Pennsylvania | WisconsinThe 20th-Century Architecture of Frank Lloyd Wright
36%
Arizona | California | Illinois | New York | Pennsylvania | WisconsinThe 20th-Century Architecture of Frank Lloyd Wright
36%
New MexicoChaco Culture
28%
LouisianaMonumental Earthworks of Poverty Point
20%
HawaiiPapahānaumokuākea
20%
OhioHopewell Ceremonial Earthworks
16%

Score Distribution

Percentile by Number Answered

Percent of People with Each Score

Your Score History

You have not taken this quiz since the last reset